MARC

LEADER 00000nam0a2200000 4500
001 357762
005 20231102011026.0
035 |a (RuTPU)RU\TPU\retro\15030 
090 |a 357762 
100 |a 20200810d1973 km y0rusy50 ca 
101 0 |a rus 
102 |a RU 
105 |a a z 001zy 
200 1 |a Совершенствование технологии разработки нефтяных месторождений при водонапорном режиме  |f Б. Ф. Сазонов 
210 |a Москва  |c Недра  |d 1973 
215 |a 238 с.  |c ил. 
320 |a Библиогр.: с. 227-235 
606 1 |a Нефтяные месторождения (горное дело)  |x Гидрогеология  |2 stltpush  |3 (RuTPU)RU\TPU\subj\45954  |9 65143 
606 1 |a Нефтяные скважины  |x Заводнение  |2 stltpush  |3 (RuTPU)RU\TPU\subj\46091  |9 65276 
610 1 |a эксплуатация 
610 1 |a технологические показатели 
610 1 |a оптимальность 
610 1 |a нефтеотдача 
610 1 |a экономическая эффективность 
610 1 |a обводнение 
610 1 |a водонефтяные залежи 
610 1 |a сетки скважин 
610 1 |a параметры 
675 |a 622.276.03  |v 4 
675 |a 622.276.33  |v 4 
700 1 |a Сазонов  |b Б. Ф.  |g Борис Федорович 
801 1 |a RU  |b 63413507  |c 20200810 
801 2 |a RU  |b 63413507  |c 20210324  |g RCR 
942 |c BK